000 01293naa a22003257a 4500
001 BR8802974
003 BR-BrBNA
005 20240918180011.0
007 ta
008 230509b bl.||||| |||| 00| 0 por d
040 _aBR-BrBNA
_bpor
_cBiblioteca Nacional de Agricultura
041 _a(Pt)
072 _aP40
_b/G514
_bGZ72
090 _aP40 BR8802974
100 1 _aSilva Filho, S.
100 1 _aViswanadham, Y.
111 1 _a1. congresso Interamericano de Meteorologia; 4. Congresso Brasileiro de Meteorologia
_cBrasilia, DF (Brazil)
_d20-24 Oct 1986
245 1 _aNumero de Deacon para perfis de vento e temperatura acima da copa da floresta amazonica
260 3 _aBelo Horizonte, MG (Brasil):
_c1986.
500 _aAnais do 1. Congresso Interamericano de Meteorologia e 4. Congresso Brasileiro de Meteorologia Belo Horizonte, MG (Brasil): 1986. v. 2 p. 189-196 (BR8802974-AM)P40
650 _aTEMPERATURA
650 _aUMIDADE
650 _aVENTO
650 _aMODELO MATEMATICO
650 _aFLORESTA
650 _aAMAZONIA
773 0 _tAnais do 1. Congresso Interamericano de Meteorologia e 4. Congresso Brasileiro de Meteorologia
_wP40 BR8802974
_gBelo Horizonte, MG (Brasil), 1986. v. 2 p. 189-196
909 _a202404
_bLucia
_c55
_dLucia Elande
942 _cAM
_2AGRIS
999 _c319174
_d319174